Developmental psychology : (Record no. 386)

000 -LEADER
fixed length control field 01613cam a2200409 a 4500
003 - CONTROL NUMBER IDENTIFIER
control field ALUPE UNIVERSITY
005 - DATE AND TIME OF LATEST TRANSACTION
control field 20210614061219.0
008 - FIXED-LENGTH DATA ELEMENTS--GENERAL INFORMATION
fixed length control field 040527s2005 oncac b 001 0 eng
020 ## - INTERNATIONAL STANDARD BOOK NUMBER
International Standard Book Number 0176416749
040 ## - CATALOGING SOURCE
Transcribing agency ALUPE UNIVERSITY
050 ## - LIBRARY OF CONGRESS CALL NUMBER
Classification number BF721
Item number .S4688 2004
055 01 - CLASSIFICATION NUMBERS ASSIGNED IN CANADA
Classification number BF721
055 #3 - CLASSIFICATION NUMBERS ASSIGNED IN CANADA
Classification number BF721
Item number .S4688 2004
090 ## - LOCALLY ASSIGNED LC-TYPE CALL NUMBER (OCLC); LOCAL CALL NUMBER (RLIN)
Classification number (OCLC) (R) ; Classification number, CALL (RLIN) (NR) 155.4 SHA
100 1# - MAIN ENTRY--PERSONAL NAME
Personal name Shaffer, David R.
Dates associated with a name 1946-
245 10 - TITLE STATEMENT
Title Developmental psychology :
Remainder of title childhood and adolescence /
Statement of responsibility, etc. David R. Shaffer, Eileen Wood, Teena Willoughby.
250 ## - EDITION STATEMENT
Edition statement Second Canadian edition
260 ## - PUBLICATION, DISTRIBUTION, ETC.
Place of publication, distribution, etc. Toronto :
Name of publisher, distributor, etc. Thomson Nelson,
Date of publication, distribution, etc. c2005.
300 ## - PHYSICAL DESCRIPTION
Extent xxx, 651 pages :
Other physical details illustrations (chiefly color), portraits ;
Dimensions 29 cm. +
Accompanying material 1 CD-ROM.
336 ## - CONTENT TYPE
Content type term text
Content type code txt
Source rdacontent
337 ## - MEDIA TYPE
Media type term unmediated
Media type code n
Source rdamedia
338 ## - CARRIER TYPE
Carrier type term volume
Carrier type code nc
Source rdacarrier
500 ## - GENERAL NOTE
General note Accompanied by CD-ROM: Child and adolescent development / Kathy Trotter, Michie Swartwood, c2003.
504 ## - BIBLIOGRAPHY, ETC. NOTE
Bibliography, etc. note Includes bibliographical references and index.
650 #0 - SUBJECT ADDED ENTRY--TOPICAL TERM
Topical term or geographic name entry element Child psychology
Form subdivision Textbooks.
650 #0 - SUBJECT ADDED ENTRY--TOPICAL TERM
Topical term or geographic name entry element Adolescent psychology
Form subdivision Textbooks.
700 1# - ADDED ENTRY--PERSONAL NAME
Personal name Willoughby, Teena,
Dates associated with a name 1955-
700 1# - ADDED ENTRY--PERSONAL NAME
Personal name Wood, Eileen,
Dates associated with a name 1960-
700 12 - ADDED ENTRY--PERSONAL NAME
Personal name Trotter, Kathy.
Title of a work Child and adolescent development.
906 ## - LOCAL DATA ELEMENT F, LDF (RLIN)
a AB:3:0
-- AG:5:0
-- BD:1:0
-- BR:2:0
-- CL:1:0
-- DA:1:0
-- FV:3:0
-- HP:1:0
-- MAL:3:0
-- PL:1:0
-- PM:1:0
-- PR:1:0
-- RS:11:0
-- RX:1:0
-- ST:1:0
-- TH:1:0
-- TRL:2:0
-- YW:4:0
942 ## - ADDED ENTRY ELEMENTS (KOHA)
Source of classification or shelving scheme
Koha item type Book
Suppress in OPAC DO
948 ## - LOCAL PROCESSING INFORMATION (OCLC); SERIES PART DESIGNATOR (RLIN)
Series part designator, SPT (RLIN) 20/04/2006
b (OCLC) 07/11/2006
Holdings
Withdrawn status Lost status Source of classification or shelving scheme Damaged status Not for loan Permanent Location Current Location Shelving location Date acquired Total Checkouts Full call number Barcode Date last seen Date last checked out Price effective from Koha item type Public note
          AU LIBRARY AU LIBRARY Open Shelf 14.06.2021 1 BF721 .S4688 2005 28003099 31.05.2024 17.05.2024 14.06.2021 Book DO

Powered by Koha